000
00434nam a2200133Ia 4500
008
090711s9999 xx 000 0 und d
082
_b
58297
245
_a
"बंडू, नटसम्राट व रणांगण"
260
_c
1983
300
_a
126
630
_a
"बंडू, नटसम्राट व रणांगण"
730
_a
"बंडू, नटसम्राट व रणांगण"
942
_c
BOOK
999
_c
315716
_d
315716